[Event "NB I. Maroczy csoport"]
[Site "Budapest"]
[Date "2024.04.21"]
[Round "10.2"]
[White "Nemeth, Zoltan"]
[Black "Varga, Peter"]
[Result "1/2-1/2"]
[WhiteElo "2205"]
[BlackElo "2361"]
[PlyCount "23"]
[EventDate "2023.10.08"]
[EventType "team-tourn"]
[EventRounds "11"]
[EventCountry "HUN"]
[Source "chess.hu"]
[WhiteTeam "Magyar Sakkvilag-SMS"]
[BlackTeam "NYVSC "]
[WhiteTeamCountry "HUN"]
[BlackTeamCountry "HUN"]

1. d4 d5 2. c4 c6 3. cxd5 cxd5 4. Nc3 Nf6 5. Bf4 Nc6 6. e3 a6 7. a3 Bf5 8. Bd3
Bxd3 9. Qxd3 e6 10. Nf3 Bd6 11. Bxd6 Qxd6 12. O-O 1/2-1/2

[Event "NB I. Maroczy csoport"]
[Site "Budapest"]
[Date "2024.04.21"]
[Round "10.3"]
[White "Okhotnik, Vladimir"]
[Black "Feher, Gyula"]
[Result "1-0"]
[WhiteElo "2287"]
[BlackElo "2325"]
[PlyCount "65"]
[EventDate "2023.10.08"]
[EventType "team-tourn"]
[EventRounds "11"]
[EventCountry "HUN"]
[Source "chess.hu"]
[WhiteTeam "NYVSC "]
[BlackTeam "Magyar Sakkvilag-SMS"]
[WhiteTeamCountry "HUN"]
[BlackTeamCountry "HUN"]

1. e4 c5 2. c3 d5 3. exd5 Qxd5 4. d4 Nf6 5. Nf3 e6 6. Na3 a6 7. Nc4 Nbd7 8. Be2
b5 9. Nce5 Bb7 10. O-O h6 11. c4 bxc4 12. Bxc4 Qd6 13. Bf4 cxd4 14. Re1 Qb6 15.
Nxf7 Kxf7 16. Bxe6+ Qxe6 17. Rxe6 Kxe6 18. Nxd4+ Kf7 19. Rc1 Bc5 20. b4 Bxd4
21. Qxd4 Rhe8 22. h3 Nd5 23. Bg3 Re6 24. a3 N7f6 25. Be5 Rae8 26. f4 R8e7 27.
Rc2 Rd7 28. Qf2 Ne7 29. Rc7 Rd1+ 30. Kh2 Bd5 31. Bxf6 Kxf6 32. Qh4+ Kf7 33.
Qh5+ 1-0

[Event "NB I. Maroczy csoport"]
[Site "Budapest"]
[Date "2024.04.21"]
[Round "10.4"]
[White "Farago, Sandor"]
[Black "Oros, Robert"]
[Result "1-0"]
[WhiteElo "2034"]
[BlackElo "2259"]
[PlyCount "121"]
[EventDate "2023.10.08"]
[EventType "team-tourn"]
[EventRounds "11"]
[EventCountry "HUN"]
[Source "chess.hu"]
[WhiteTeam "Magyar Sakkvilag-SMS"]
[BlackTeam "NYVSC "]
[WhiteTeamCountry "HUN"]
[BlackTeamCountry "HUN"]

1. e4 e6 2. d4 d5 3. Nc3 Nf6 4. e5 Ne4 5. Nce2 f6 6. f3 Ng5 7. h4 Nf7 8. f4 c5
9. c3 Nc6 10. Nf3 Qb6 11. a3 cxd4 12. cxd4 Na5 13. Nc3 Bd7 14. b4 Nc4 15. Bd3
Qc7 16. Ne2 a5 17. Rb1 axb4 18. axb4 Ba4 19. Bc2 Bxc2 20. Qxc2 Nh6 21. O-O f5
22. Nd2 b5 23. Rf3 Be7 24. g3 Kf7 25. Rc3 Ng4 26. Nf3 Qb6 27. Nh2 Nxh2 28. Kxh2
Ra4 29. Rcb3 Rc8 30. Nc3 Raa8 31. Qd3 g6 32. Kh3 Ra6 33. Ne2 Rca8 34. Bb2 Ra4
35. Bc3 Qc6 36. Be1 h6 37. Qf3 Kg7 38. g4 fxg4+ 39. Qxg4 h5 40. Qf3 Ra1 41. f5
exf5 42. Rxa1 Rxa1 43. Bc3 Ra2 44. Nf4 Ra3 45. Rxa3 Nxa3 46. Nxd5 Nb1 47. Be1
Bd8 48. Qg2 Qc1 49. Bf2 Qd1 50. Nf4 Qg4+ 51. Qxg4 hxg4+ 52. Kg2 Be7 53. Be1 g5
54. hxg5 Bxg5 55. Kg3 Na3 56. Ne6+ Kg6 57. Nxg5 Kxg5 58. Bd2+ f4+ 59. Bxf4+ Kf5
60. d5 Nc4 61. e6 1-0

[Event "NB I. Maroczy csoport"]
[Site "Budapest"]
[Date "2024.04.21"]
[Round "10.5"]
[White "Varga, Marcell"]
[Black "Meszaros, Andras"]
[Result "1/2-1/2"]
[WhiteElo "2143"]
[BlackElo "2137"]
[PlyCount "114"]
[EventDate "2023.10.08"]
[EventType "team-tourn"]
[EventRounds "11"]
[EventCountry "HUN"]
[Source "chess.hu"]
[WhiteTeam "NYVSC "]
[BlackTeam "Magyar Sakkvilag-SMS"]
[WhiteTeamCountry "HUN"]
[BlackTeamCountry "HUN"]

1. c4 e6 2. Nf3 d5 3. g3 Nf6 4. Bg2 c5 5. cxd5 exd5 6. O-O Nc6 7. d4 Be7 8. Nc3
O-O 9. Bg5 cxd4 10. Nxd4 h6 11. Bxf6 Bxf6 12. e3 Nxd4 13. exd4 Be6 14. Rc1 Qa5
15. Qd3 Rfd8 16. a3 Rac8 17. Ne2 Rc4 18. Rc3 Rxc3 19. bxc3 Qxa3 20. Nf4 Qa6 21.
Qxa6 bxa6 22. Ra1 Rd6 23. Rb1 Rb6 24. Rxb6 axb6 25. Bxd5 a5 26. Kf1 Bf5 27. Ke2
b5 28. Nd3 g5 29. Nc5 Be7 30. Kd2 Bxc5 31. dxc5 Kf8 32. Bc6 b4 33. cxb4 axb4
34. Kc1 Be6 35. Kb2 Ke7 36. Ba4 f6 37. Bb3 Bd7 38. Kc2 Bf5+ 39. Kb2 Bd7 40. Bd5
Ba4 41. f4 gxf4 42. gxf4 Kd7 43. Kc1 Bc6 44. Bc4 Be4 45. Bb5+ Ke6 46. Kb2 Kd5
47. c6 Kd6 48. c7 Kxc7 49. Kb3 Kd6 50. Kxb4 Ke6 51. Kc3 Kf5 52. Kd2 Kxf4 53.
Ke2 Kg4 54. Kf2 f5 55. Bd7 Kh3 56. Kg1 Bd3 57. Be6 Be4 1/2-1/2

[Event "NB I. Maroczy csoport"]
[Site "Budapest"]
[Date "2024.04.21"]
[Round "10.6"]
[White "Muranyi, Peter"]
[Black "Hibjan, Tamas"]
[Result "0-1"]
[WhiteElo "2011"]
[BlackElo "2137"]
[PlyCount "120"]
[EventDate "2023.10.08"]
[EventType "team-tourn"]
[EventRounds "11"]
[EventCountry "HUN"]
[Source "chess.hu"]
[WhiteTeam "Magyar Sakkvilag-SMS"]
[BlackTeam "NYVSC "]
[WhiteTeamCountry "HUN"]
[BlackTeamCountry "HUN"]

1. d4 d5 2. c4 e6 3. Nc3 Nf6 4. cxd5 exd5 5. Bg5 c6 6. e3 h6 7. Bh4 Nbd7 8. Bd3
Be7 9. Qc2 O-O 10. Nge2 Re8 11. O-O Ne4 12. Bxe7 Qxe7 13. Bxe4 dxe4 14. Ng3 Nf6
15. Rae1 b6 16. f3 exf3 17. Rxf3 c5 18. d5 Bg4 19. Rff1 Qe5 20. e4 g6 21. Qf2
Kg7 22. h3 Bc8 23. Re3 Ba6 24. Nge2 Rad8 25. Rf3 Rd6 26. Kh1 Rf8 27. Rf4 Qe7
28. Re1 Nd7 29. Ng1 Ne5 30. Re3 Nd3 31. Rxd3 Bxd3 32. Qg3 Ba6 33. e5 Rdd8 34.
d6 Qd7 35. Ne4 Qe6 36. Nf3 Bb7 37. Rf6 Qxa2 38. Nf2 Bxf3 39. Qxf3 Qxb2 40. Qg3
Rde8 41. Ng4 h5 42. d7 hxg4 43. dxe8=Q Rxe8 44. Qf4 Re7 45. Rxg6+ Kxg6 46.
Qxg4+ Kh7 47. Qh4+ Kg8 48. Qxe7 Qc1+ 49. Kh2 Qf4+ 50. Kh1 c4 51. e6 fxe6 52.
Qxe6+ Kf8 53. Qc6 Ke7 54. g4 Qf1+ 55. Kh2 Qf2+ 56. Kh1 Qc5 57. Qb7+ Kd6 58.
Qb8+ Kd5 59. Qg8+ Kd4 60. Qf8 Qxf8 0-1

[Event "NB I. Maroczy csoport"]
[Site "Budapest"]
[Date "2024.04.21"]
[Round "10.7"]
[White "Borsavolgyi, Tamas"]
[Black "Juhasz, Mark"]
[Result "1-0"]
[WhiteElo "1987"]
[BlackElo "2010"]
[PlyCount "77"]
[EventDate "2023.10.08"]
[EventType "team-tourn"]
[EventRounds "11"]
[EventCountry "HUN"]
[Source "chess.hu"]
[WhiteTeam "NYVSC "]
[BlackTeam "Magyar Sakkvilag-SMS"]
[WhiteTeamCountry "HUN"]
[BlackTeamCountry "HUN"]

1. e4 c5 2. Nf3 Nc6 3. Nc3 e5 4. Bc4 Be7 5. d3 d6 6. Nd2 Nf6 7. Nf1 Nd7 8. Ne3
Nb6 9. Bb3 Nd4 10. O-O O-O 11. Ncd5 Nxb3 12. axb3 Be6 13. Nxe7+ Qxe7 14. f4
exf4 15. Rxf4 Nd7 16. Bd2 Ne5 17. b4 b6 18. Qe1 Nc6 19. c3 cxb4 20. d4 bxc3 21.
Bxc3 Qg5 22. Rf3 Bd7 23. Rg3 Qh5 24. Nc4 d5 25. exd5 Qxd5 26. Ne3 Qe4 27. d5
Ne5 28. Rd1 Ng6 29. Rd4 Qe5 30. Rc4 Qh5 31. Rc7 Rfd8 32. Qd2 f6 33. Qd4 Qe2 34.
h4 Qh5 35. d6 Be6 36. Rg5 Qh6 37. Rg3 Ne5 38. Qe4 Qh5 39. Rgxg7+ 1-0

[Event "NB I. Maroczy csoport"]
[Site "Budapest"]
[Date "2024.04.21"]
[Round "10.8"]
[White "Torok, Tamas Titusz"]
[Black "Egyed, Judit"]
[Result "1-0"]
[WhiteElo "2031"]
[BlackElo "2042"]
[PlyCount "61"]
[EventDate "2023.10.08"]
[EventType "team-tourn"]
[EventRounds "11"]
[EventCountry "HUN"]
[Source "chess.hu"]
[WhiteTeam "Magyar Sakkvilag-SMS"]
[BlackTeam "NYVSC "]
[WhiteTeamCountry "HUN"]
[BlackTeamCountry "HUN"]

1. e4 c5 2. c3 d5 3. exd5 Qxd5 4. d4 Nc6 5. Nf3 e6 6. Na3 a6 7. Nc4 b5 8. Nb6
Qe4+ 9. Be3 cxd4 10. Bd3 Qg4 11. h3 Qh5 12. cxd4 Bb4+ 13. Kf1 Nf6 14. Nxa8 Bb7
15. Nc7+ Kd7 16. Bf4 Bd6 17. Bxd6 Kxd6 18. Nxa6 Bxa6 19. a4 Rb8 20. Qd2 Qd5 21.
Qf4+ Ke7 22. Rc1 Rb7 23. Rc5 Qd7 24. axb5 Nb4 25. bxa6 Qa4 26. Be2 Nxa6 27.
Bxa6 Qxa6+ 28. Kg1 Rxb2 29. Kh2 Rxf2 30. Rc7+ Nd7 31. Rxd7+ 1-0

[Event "NB I. Maroczy csoport"]
[Site "Budapest"]
[Date "2024.04.21"]
[Round "10.9"]
[White "Blahota, Marcell"]
[Black "Borda, Lajos"]
[Result "1-0"]
[WhiteElo "2045"]
[BlackElo "1968"]
[PlyCount "123"]
[EventDate "2023.10.08"]
[EventType "team-tourn"]
[EventRounds "11"]
[EventCountry "HUN"]
[Source "chess.hu"]
[WhiteTeam "NYVSC "]
[BlackTeam "Magyar Sakkvilag-SMS"]
[WhiteTeamCountry "HUN"]
[BlackTeamCountry "HUN"]

1. d4 Nf6 2. Nc3 d5 3. Bf4 e6 4. Nb5 Bd6 5. Nxd6+ cxd6 6. e3 Nc6 7. Nf3 h6 8.
h3 b6 9. Bb5 Bb7 10. O-O O-O 11. Rc1 a6 12. Be2 Rc8 13. b3 Qe7 14. c4 Rfd8 15.
Bh2 e5 16. Re1 Na5 17. cxd5 Nxd5 18. Rxc8 Bxc8 19. Qa1 e4 20. Nd2 b5 21. Rc1
Bb7 22. a4 b4 23. Qb2 Nc3 24. Rxc3 bxc3 25. Qxc3 Nc6 26. Bxa6 Nxd4 27. Qxd4
Bxa6 28. Nxe4 Qb7 29. b4 Qc6 30. Bg3 Qxa4 31. Qb6 Rc8 32. Nxd6 Qd1+ 33. Kh2 Rc1
34. Bf4 Qh1+ 35. Kg3 Bf1 36. Qb7 Bxg2 37. Qxf7+ Kh8 38. Qf8+ Kh7 39. Qf5+ Kg8
40. Bxh6 Qxh3+ 41. Qxh3 Bxh3 42. Bxg7 Kxg7 43. Kxh3 Kf6 44. Kg4 Ke5 45. Nf7+
Kd5 46. Kf5 Rc4 47. b5 Rb4 48. f4 Rxb5 49. e4+ Kc6+ 50. Ke6 Rb8 51. e5 Re8+ 52.
Kf6 Kd5 53. f5 Ra8 54. e6 Re8 55. e7 Rg8 56. Nd8 Ke4 57. Kf7 Rh8 58. Kg7 Re8
59. f6 Kf5 60. Kf7 Rh8 61. Ne6 Ke5 62. Ng7 1-0

[Event "NB I. Maroczy csoport"]
[Site "Budapest"]
[Date "2024.04.21"]
[Round "10.10"]
[White "Kelemen, Gabor"]
[Black "Ruboczki, Tibor"]
[Result "1/2-1/2"]
[WhiteElo "2079"]
[BlackElo "2028"]
[PlyCount "57"]
[EventDate "2023.10.08"]
[EventType "team-tourn"]
[EventRounds "11"]
[EventCountry "HUN"]
[Source "chess.hu"]
[WhiteTeam "Magyar Sakkvilag-SMS"]
[BlackTeam "NYVSC "]
[WhiteTeamCountry "HUN"]
[BlackTeamCountry "HUN"]

1. e4 e6 2. d4 d5 3. Nd2 dxe4 4. Nxe4 Nd7 5. Bd3 Ngf6 6. Ne2 b6 7. N2g3 Bb7 8.
Qe2 Be7 9. O-O O-O 10. c3 Nxe4 11. Bxe4 Bxe4 12. Nxe4 Nf6 13. Bg5 Nxe4 14. Bxe7
Nxc3 15. bxc3 Qxe7 16. a4 a5 17. Rfe1 Rfd8 18. Qe4 Qd6 19. h4 Qd5 20. Qf4 Qc4
21. Re3 Rd5 22. Rae1 Rad8 23. Rg3 g6 24. Qf6 Qxa4 25. Rxe6 fxe6 26. Rxg6+ hxg6
27. Qxg6+ Kf8 28. Qf6+ Kg8 29. Qg6+ 1/2-1/2

[Event "NB I. Maroczy csoport"]
[Site "Budapest"]
[Date "2024.04.21"]
[Round "10.11"]
[White "Hurkovszkij, Vladyslav"]
[Black "Metaxasz, Vaszilisz"]
[Result "1/2-1/2"]
[WhiteElo "2046"]
[BlackElo "1930"]
[PlyCount "122"]
[EventDate "2023.10.08"]
[EventType "team-tourn"]
[EventRounds "11"]
[EventCountry "HUN"]
[Source "chess.hu"]
[WhiteTeam "NYVSC "]
[BlackTeam "Magyar Sakkvilag-SMS"]
[WhiteTeamCountry "HUN"]
[BlackTeamCountry "HUN"]

1. d4 d5 2. Nf3 Nf6 3. Bf4 e6 4. e3 c5 5. c3 Nc6 6. Nbd2 Bd6 7. Bg3 Qe7 8. Be2
O-O 9. Qc2 e5 10. dxe5 Nxe5 11. Nxe5 Bxe5 12. Nf3 Bxg3 13. hxg3 g6 14. Rd1 a6
15. O-O Bg4 16. Rfe1 Rad8 17. a3 a5 18. Rb1 b6 19. b4 Rb8 20. bxa5 bxa5 21. Qa4
Qc7 22. c4 Bd7 23. Qc2 dxc4 24. Qxc4 Bf5 25. Rxb8 Rxb8 26. Rc1 Rc8 27. Nd4 Bd7
28. Bf3 Qb6 29. Ne2 Be6 30. Qc2 Bb3 31. Qb2 a4 32. Nd4 c4 33. Be2 Qa6 34. Rb1
Qd6 35. Rc1 Qa6 36. Qd2 Ne4 37. Qb4 Qf6 38. f3 Nxg3 39. Bxc4 Bxc4 40. Rxc4 Qa6
41. Rxc8+ Qxc8 42. Kf2 Nh1+ 43. Ke2 Qc1 44. f4 Qg1 45. Qb8+ Kg7 46. Qe5+ Kg8
47. Qe8+ Kg7 48. Qe5+ Kg8 49. Qd5 Ng3+ 50. Kf3 Nh5 51. Qd8+ Kg7 52. Qg5 Qf1+
53. Ke4 Qb1+ 54. Kd5 f6 55. Qg4 Qa2+ 56. Kc6 Qxa3 57. Qd7+ Kh6 58. g4 Qxe3 59.
gxh5 Qxf4 60. Ne6 Qe4+ 61. Kc7 Kxh5 1/2-1/2

[Event "NB I. Maroczy csoport"]
[Site "Budapest"]
[Date "2024.04.21"]
[Round "10.12"]
[White "Somogyi, Laura"]
[Black "Gunyecz, Zoltan Dr"]
[Result "1/2-1/2"]
[WhiteElo "1579"]
[BlackElo "1924"]
[PlyCount "93"]
[EventDate "2023.10.08"]
[EventType "team-tourn"]
[EventRounds "11"]
[EventCountry "HUN"]
[Source "chess.hu"]
[WhiteTeam "Magyar Sakkvilag-SMS"]
[BlackTeam "NYVSC "]
[WhiteTeamCountry "HUN"]
[BlackTeamCountry "HUN"]

1. Nf3 d5 2. e3 Bg4 3. c4 Bxf3 4. Qxf3 c6 5. d4 e6 6. Nc3 Nf6 7. Bd2 Bd6 8. c5
Bc7 9. Bd3 Nbd7 10. b4 a6 11. O-O O-O 12. Rfe1 Re8 13. e4 dxe4 14. Nxe4 Nxe4
15. Bxe4 Nf6 16. Bc3 Nxe4 17. Rxe4 Qd5 18. Re3 Qxf3 19. Rxf3 Red8 20. a4 Rd5
21. Rd3 h5 22. g3 Rad8 23. f4 e5 24. fxe5 Bxe5 25. Rad1 Bf6 26. Kf2 g6 27. a5
Kf8 28. Ke2 Re8+ 29. Re3 Re7 30. Rxe7 Kxe7 31. h4 Rf5 32. Rd3 Bg7 33. d5 Bxc3
34. d6+ Kd7 35. Rxc3 g5 36. Rf3 Re5+ 37. Re3 Rd5 38. Re7+ Kc8 39. Ke3 gxh4 40.
gxh4 Rf5 41. Re4 f6 42. Rf4 Re5+ 43. Kd4 Rd5+ 44. Kc4 f5 45. Rd4 Re5 46. Kd3
Kd7 47. Kc4 1/2-1/2

[Event "NB I. Maroczy csoport"]
[Site "Miskolc"]
[Date "2024.05.12"]
[Round "11.1"]
[White "Kun, Gabor"]
[Black "Hajnal, Zoltan"]
[Result "1/2-1/2"]
[WhiteElo "2243"]
[BlackElo "2334"]
[PlyCount "52"]
[EventDate "2023.10.08"]
[EventType "team-tourn"]
[EventRounds "11"]
[EventCountry "HUN"]
[Source "chess.hu"]
[WhiteTeam "Magyar Sakkvilag-SMS"]
[BlackTeam "DVTK I."]
[WhiteTeamCountry "HUN"]
[BlackTeamCountry "HUN"]

1. e4 e5 2. Nf3 Nc6 3. Bc4 Bc5 4. c3 Nf6 5. d4 exd4 6. e5 d5 7. Bb5 Ne4 8. cxd4
Bb6 9. Nc3 O-O 10. Be3 Bf5 11. O-O h6 12. Na4 Ne7 13. Nxb6 axb6 14. Nh4 Qc8 15.
f3 Ng5 16. Nxf5 Nxf5 17. Bxg5 hxg5 18. Qd2 c5 19. Qxg5 Nxd4 20. Bd3 Re8 21. Qh5
g6 22. Bxg6 fxg6 23. Qxg6+ Kh8 24. Qh6+ Kg8 25. Qg6+ Kh8 26. Qh6+ Kg8 1/2-1/2

[Event "NB I. Maroczy csoport"]
[Site "Miskolc"]
[Date "2024.05.12"]
[Round "11.2"]
[White "Fule, Simon"]
[Black "Feher, Gyula"]
[Result "1-0"]
[WhiteElo "2243"]
[BlackElo "2319"]
[PlyCount "109"]
[EventDate "2023.10.08"]
[EventType "team-tourn"]
[EventRounds "11"]
[EventCountry "HUN"]
[Source "chess.hu"]
[WhiteTeam "DVTK I."]
[BlackTeam "Magyar Sakkvilag-SMS"]
[WhiteTeamCountry "HUN"]
[BlackTeamCountry "HUN"]

1. e4 c5 2. Nf3 d6 3. d4 cxd4 4. Nxd4 Nf6 5. Nc3 Nc6 6. Bg5 e6 7. Qd2 Be7 8.
O-O-O O-O 9. f4 h6 10. Bh4 e5 11. Nf5 Bxf5 12. exf5 exf4 13. Kb1 d5 14. Bxf6
Bxf6 15. Nxd5 Be5 16. Bc4 Qd6 17. Rhe1 Rad8 18. Qf2 Rfe8 19. c3 a6 20. Bb3 Ne7
21. Nxf4 Qf6 22. Rxd8 Rxd8 23. Nh5 Qd6 24. g3 Nc6 25. Qe2 Qc5 26. g4 b5 27. Ng3
Qe7 28. Ne4 Qh4 29. Rh1 Rd7 30. Nc5 Re7 31. Qg2 Na5 32. Nxa6 Bd6 33. Rd1 Nxb3
34. axb3 Re1 35. Rxe1 Qxe1+ 36. Ka2 Qe3 37. Qc6 Bxh2 38. Qxb5 Qe4 39. c4 Qxg4
40. Qe8+ Kh7 41. Qxf7 Qd4 42. c5 Be5 43. Ka3 Qxb2+ 44. Kb4 Qe2 45. Ka5 h5 46.
c6 h4 47. c7 Bxc7+ 48. Nxc7 h3 49. Nd5 Qa2+ 50. Kb4 Qd2+ 51. Kb5 Qd3+ 52. Kc5
Qc2+ 53. Kd6 Qh2+ 54. Kd7 Qe5 55. Qh5+ 1-0

[Event "NB I. Maroczy csoport"]
[Site "Miskolc"]
[Date "2024.05.12"]
[Round "11.3"]
[White "Farago, Sandor"]
[Black "Fusthy, Zsolt"]
[Result "0-1"]
[WhiteElo "2057"]
[BlackElo "2215"]
[PlyCount "210"]
[EventDate "2023.10.08"]
[EventType "team-tourn"]
[EventRounds "11"]
[EventCountry "HUN"]
[Source "chess.hu"]
[WhiteTeam "Magyar Sakkvilag-SMS"]
[BlackTeam "DVTK I."]
[WhiteTeamCountry "HUN"]
[BlackTeamCountry "HUN"]

1. e4 c6 2. d4 d5 3. Nc3 dxe4 4. Nxe4 Bf5 5. Ng3 Bg6 6. Nf3 Nd7 7. h4 h6 8. h5
Bh7 9. Bd3 Bxd3 10. Qxd3 e6 11. Bd2 Ngf6 12. O-O-O Be7 13. Ne4 Nxe4 14. Qxe4
Nf6 15. Qe2 Qd5 16. Kb1 Qe4 17. Be3 Ng4 18. Nd2 Qf5 19. Rh3 O-O-O 20. Rdh1 Nf6
21. Rh4 Nd5 22. Re4 Nxe3 23. fxe3 Bf6 24. g4 Qa5 25. c4 e5 26. Nb3 Qc7 27. Rf1
Rhe8 28. Qf3 Kb8 29. Rd1 Re7 30. Rd3 Rde8 31. a4 exd4 32. Rxe7 Qxe7 33. exd4
Qe1+ 34. Ka2 Qb4 35. Nc5 Qxc4+ 36. Rb3 Re7 37. Qf4+ Ka8 38. Qf5 Rc7 39. Qf4 Re7
40. Qf5 Rc7 41. Qf4 Rc8 42. Qf5 Rb8 43. Nd7 Qxa4+ 44. Ra3 Qxd4 45. Nxf6 gxf6
46. Rd3 Qc4+ 47. Kb1 a6 48. Qxf6 Qxg4 49. Qxf7 Qe4 50. Qg6 Qxg6 51. hxg6 Rg8
52. Rg3 h5 53. Rg5 h4 54. Kc2 h3 55. Kc3 h2 56. Rh5 Rxg6 57. Rxh2 Ka7 58. Rh7
Rg4 59. b4 Kb6 60. Rf7 Rg3+ 61. Kc4 Ra3 62. Rh7 a5 63. bxa5+ Rxa5 64. Kb4 Rg5
65. Rf7 Rg4+ 66. Kc3 Ka6 67. Rc7 Kb6 68. Rh7 c5 69. Rf7 Kc6 70. Rh7 b6 71. Rh6+
Kb5 72. Rf6 Rg3+ 73. Kc2 Ka5 74. Rc6 Rh3 75. Kb2 Kb5 76. Rf6 c4 77. Kc2 Kc5 78.
Rg6 Rh5 79. Rf6 b5 80. Rf2 b4 81. Kb2 Rh4 82. Rg2 Re4 83. Rh2 Kd4 84. Rd2+ Ke3
85. Rd8 Rd4 86. Rb8 Kd2 87. Rh8 Rd5 88. Rh7 Re5 89. Rg7 Re3 90. Rg2+ Kd3 91.
Rg8 Re2+ 92. Kc1 b3 93. Rg3+ Re3 94. Rg1 Rf3 95. Rh1 Rf2 96. Re1 Rg2 97. Rh1
Ra2 98. Rd1+ Kc3 99. Kb1 Rb2+ 100. Ka1 Rd2 101. Rc1+ Kb4 102. Kb1 c3 103. Rh1
Ka3 104. Rg1 c2+ 105. Kc1 Rd1+ 0-1

[Event "NB I. Maroczy csoport"]
[Site "Miskolc"]
[Date "2024.05.12"]
[Round "11.4"]
[White "Zambo, Zoltan Istvan"]
[Black "Meszaros, Andras"]
[Result "1-0"]
[WhiteElo "2291"]
[BlackElo "2133"]
[PlyCount "69"]
[EventDate "2023.10.08"]
[EventType "team-tourn"]
[EventRounds "11"]
[EventCountry "HUN"]
[Source "chess.hu"]
[WhiteTeam "DVTK I."]
[BlackTeam "Magyar Sakkvilag-SMS"]
[WhiteTeamCountry "HUN"]
[BlackTeamCountry "HUN"]

1. d4 d5 2. Nf3 c5 3. g3 cxd4 4. Bg2 Nf6 5. O-O g6 6. Nxd4 Bg7 7. c4 O-O 8.
cxd5 Nxd5 9. Nb5 Be6 10. Nd4 Nc6 11. Nxe6 fxe6 12. Bh3 Nd4 13. e3 Nf3+ 14. Kg2
Qb6 15. Qb3 Qc6 16. e4 Nd4 17. exd5 exd5 18. Qd3 Nc2 19. Nc3 d4+ 20. Kg1 Nxa1
21. Bg2 Qc5 22. Nd5 Rf5 23. b4 Qd6 24. Bf4 Qd8 25. Qc4 b5 26. Nxe7+ Kh8 27. Qe6
Rxf4 28. gxf4 Nc2 29. Bd5 Qf8 30. Bxa8 Qxa8 31. Qc6 Qxc6 32. Nxc6 Bh6 33. Rd1
Bxf4 34. Nxd4 Nxb4 35. Ne6 1-0

[Event "NB I. Maroczy csoport"]
[Site "Miskolc"]
[Date "2024.05.12"]
[Round "11.5"]
[White "Muranyi, Peter"]
[Black "Horvath, Kristof"]
[Result "0-1"]
[WhiteElo "1994"]
[BlackElo "2110"]
[PlyCount "94"]
[EventDate "2023.10.08"]
[EventType "team-tourn"]
[EventRounds "11"]
[EventCountry "HUN"]
[Source "chess.hu"]
[WhiteTeam "Magyar Sakkvilag-SMS"]
[BlackTeam "DVTK I."]
[WhiteTeamCountry "HUN"]
[BlackTeamCountry "HUN"]

1. d4 Nf6 2. c4 g6 3. Nc3 d5 4. cxd5 Nxd5 5. Na4 Bg7 6. e4 Nb6 7. Be3 O-O 8.
Nf3 e5 9. d5 Nxa4 10. Qxa4 b6 11. Bc4 Bg4 12. O-O Bxf3 13. gxf3 a6 14. Qb3 Kh8
15. Rfd1 f5 16. exf5 gxf5 17. f4 Nd7 18. d6 c5 19. Be6 Rf6 20. Bxd7 Qxd7 21.
Qd5 Re8 22. Kh1 Rfe6 23. Rac1 Bh6 24. fxe5 Bxe3 25. fxe3 Rxe5 26. Qg2 Rxe3 27.
Rg1 Re2 28. Qg3 Qc6+ 29. Rg2 Rxg2 30. Qxg2 Qxd6 31. b4 Qd4 32. bxc5 bxc5 33.
Qc2 Qd5+ 34. Qg2 Qxg2+ 35. Kxg2 Re5 36. Kf3 Kg7 37. Rb1 Kf6 38. Rb8 c4 39. Rc8
Ra5 40. Rxc4 Rxa2 41. Rc6+ Kg5 42. h3 Ra3+ 43. Kg2 h5 44. Rc8 h4 45. Rg8+ Kf4
46. Rc8 Ra2+ 47. Kg1 a5 0-1

[Event "NB I. Maroczy csoport"]
[Site "Miskolc"]
[Date "2024.05.12"]
[Round "11.6"]
[White "Dobai, Szabolcs"]
[Black "Torok, Tamas Titusz"]
[Result "0-1"]
[WhiteElo "2132"]
[BlackElo "2044"]
[PlyCount "64"]
[EventDate "2023.10.08"]
[EventType "team-tourn"]
[EventRounds "11"]
[EventCountry "HUN"]
[Source "chess.hu"]
[WhiteTeam "DVTK I."]
[BlackTeam "Magyar Sakkvilag-SMS"]
[WhiteTeamCountry "HUN"]
[BlackTeamCountry "HUN"]

1. Nf3 Nc6 2. c4 e5 3. d3 Nf6 4. g3 d5 5. cxd5 Nxd5 6. Bg2 Be7 7. O-O O-O 8.
Nc3 Nb6 9. a3 Be6 10. b4 a5 11. b5 Nd4 12. Nd2 Nd5 13. Bxd5 Bxd5 14. e3 Be6 15.
exd4 Qxd4 16. Nde4 Rad8 17. Be3 Qxd3 18. Qxd3 Rxd3 19. Rfc1 b6 20. Ne2 f5 21.
Rxc7 Bd8 22. Rc6 Bd5 23. Nd2 Bxc6 24. bxc6 Bc7 25. Nc4 Rf6 26. a4 Rxc6 27. Na3
f4 28. gxf4 exf4 29. Nxf4 Bxf4 30. Bxf4 Rd4 31. Be5 Rxa4 32. Kg2 Rc5 0-1

[Event "NB I. Maroczy csoport"]
[Site "Miskolc"]
[Date "2024.05.12"]
[Round "11.7"]
[White "Borda, Lajos"]
[Black "Herczeg, Marcell"]
[Result "1-0"]
[WhiteElo "1947"]
[BlackElo "2082"]
[PlyCount "67"]
[EventDate "2023.10.08"]
[EventType "team-tourn"]
[EventRounds "11"]
[EventCountry "HUN"]
[Source "chess.hu"]
[WhiteTeam "Magyar Sakkvilag-SMS"]
[BlackTeam "DVTK I."]
[WhiteTeamCountry "HUN"]
[BlackTeamCountry "HUN"]

1. e4 c5 2. Nc3 e6 3. Bc4 Nc6 4. Nge2 Nge7 5. Nf4 Ne5 6. d3 N7c6 7. O-O Be7 8.
Nh5 g6 9. Ng3 d6 10. f4 Nxc4 11. dxc4 a6 12. Be3 Bf6 13. e5 dxe5 14. Nge4 Be7
15. Qxd8+ Kxd8 16. Bxc5 Bxc5+ 17. Nxc5 exf4 18. Rxf4 f5 19. Rf2 Kc7 20. Re1 Re8
21. Nd5+ Kd6 22. Na4 Rf8 23. c5+ Kxd5 24. Rd2+ Kc4 25. Nb6+ Kxc5 26. Nxa8 Rf7
27. Re3 a5 28. b4+ axb4 29. a3 e5 30. axb4+ Kb5 31. Rd5+ Ka6 32. b5+ Ka7 33.
Ra3+ Kb8 34. bxc6 1-0

[Event "NB I. Maroczy csoport"]
[Site "Miskolc"]
[Date "2024.05.12"]
[Round "11.8"]
[White "Papp, Abel"]
[Black "Metaxasz, Vaszilisz"]
[Result "1-0"]
[WhiteElo "2181"]
[BlackElo "1933"]
[PlyCount "81"]
[EventDate "2023.10.08"]
[EventType "team-tourn"]
[EventRounds "11"]
[EventCountry "HUN"]
[Source "chess.hu"]
[WhiteTeam "DVTK I."]
[BlackTeam "Magyar Sakkvilag-SMS"]
[WhiteTeamCountry "HUN"]
[BlackTeamCountry "HUN"]

1. e4 e5 2. Nf3 Nc6 3. Bc4 Bc5 4. c3 Nf6 5. d3 d6 6. Bb3 h6 7. O-O O-O 8. h3
Bb6 9. Nbd2 Ne7 10. Nc4 Ng6 11. a4 c6 12. Nxb6 Qxb6 13. Be3 Qc7 14. Nd2 d5 15.
Qf3 Nf4 16. Bxf4 exf4 17. exd5 cxd5 18. Bxd5 Nxd5 19. Qxd5 Rd8 20. Qf3 Bd7 21.
d4 Bc6 22. Qd3 Qd7 23. Rfe1 Bxa4 24. Qe4 g5 25. Nc4 Bc6 26. Ne5 Bxe4 27. Nxd7
Bxg2 28. Nf6+ Kg7 29. Nh5+ Kg6 30. Nxf4+ gxf4 31. Kxg2 Rd6 32. Kf3 Rb6 33. Re2
a6 34. Rg1+ Kf5 35. Rg4 h5 36. Rxf4+ Kg6 37. Re1 f6 38. Re2 Rg8 39. d5 Rd6 40.
c4 b5 41. b3 1-0